[Event "GER-ch Net blitz qual4"]
[Site "Playchess.com INT"]
[Date "2021.05.10"]
[Round "3"]
[White "Franck, Axel"]
[Black "Feldmann, Bernd"]
[Result "0-1"]
[WhiteElo "1531"]
[BlackElo "1777"]
[PlyCount "50"]
[EventDate "2021.05.10"]
[EventType "swiss (blitz)"]
[EventRounds "11"]
[EventCountry "GER"]
[SourceTitle "CBM 202 Extra"]
[Source "ChessBase"]
[SourceDate "2021.07.31"]
[SourceVersion "1"]
[SourceVersionDate "2021.07.31"]
[SourceQuality "1"]

1. b4 e5 2. Bb2 f6 3. b5 d5 4. e3 c5 5. c4 d4 6. exd4 cxd4 7. Bd3 Bc5 8. Nf3 Bg4 9. h3 Bh5 10. g4 Bg6 11. Bxg6+ hxg6 12. d3 Ne7 13. Nbd2 Nd7 14. a4 Qc7 15. Qb3 f5 16. 0-0-0 0-0-0 17. gxf5 gxf5 18. Ba3 Bxa3+ 19. Qxa3 Qb6 20. Qxe7 Rhe8 21. Qxg7 e4 22. Nxd4 Nc5 23. Qg5 Nxd3+ 24. Kb1 Qxd4 25. Qxf5+ Kb8 0-1

[Event "GER-ch Net blitz qual3"]
[Site "Playchess.com INT"]
[Date "2021.05.07"]
[Round "11"]
[White "Daeuber, Andreas"]
[Black "Franck, Axel"]
[Result "1-0"]
[WhiteElo "1666"]
[BlackElo "1540"]
[PlyCount "59"]
[EventDate "2021.05.07"]
[EventType "swiss (blitz)"]
[EventRounds "11"]
[EventCountry "GER"]
[SourceTitle "CBM 202 Extra"]
[Source "ChessBase"]
[SourceDate "2021.07.31"]
[SourceVersion "1"]
[SourceVersionDate "2021.07.31"]
[SourceQuality "1"]

1. d4 Nf6 2. c4 g6 3. Nc3 Bg7 4. e4 d6 5. f4 0-0 6. Bd3 Nbd7 7. Be3 e5 8. fxe5 Nxe5 9. dxe5 dxe5 10. Nf3 Qe7 11. 0-0 Bg4 12. Nd5 Nxd5 13. cxd5 b6 14. h3 Bd7 15. Rc1 Rac8 16. Bg5 f6 17. Be3 Qd6 18. a3 Rfe8 19. Bd2 f5 20. exf5 e4 21. fxg6 hxg6 22. Bb4 Qg3 23. Bc4 Be5 24. Nxe5 Rxe5 25. d6+ Kh8 26. Bc3 Bxh3 27. Bxe5+ Qxe5 28. Rc3 Bf5 29. Qd5 Qg3 30. Rxg3 1-0

[Event "GER-ch Net blitz qual2"]
[Site "Playchess.com INT"]
[Date "2021.05.04"]
[Round "5"]
[White "Franck, Axel"]
[Black "Dettmer, Niels"]
[Result "0-1"]
[WhiteElo "1594"]
[BlackElo "1728"]
[PlyCount "56"]
[EventDate "2021.05.04"]
[EventType "swiss (blitz)"]
[EventRounds "11"]
[EventCountry "GER"]
[SourceTitle "CBM 202 Extra"]
[Source "ChessBase"]
[SourceDate "2021.07.31"]
[SourceVersion "1"]
[SourceVersionDate "2021.07.31"]
[SourceQuality "1"]

1. b4 d6 2. Bb2 e5 3. e3 Nf6 4. c4 Be7 5. a4 0-0 6. b5 a6 7. Nf3 Nbd7 8. Be2 axb5 9. axb5 Rxa1 10. Bxa1 Nb6 11. 0-0 c6 12. Qb3 Bd7 13. Nc3 Qc7 14. h3 Rb8 15. d4 exd4 16. Nxd4 c5 17. Nf3 Be6 18. Rd1 Rd8 19. Ng5 Bf5 20. Nf3 h6 21. Nd5 Nbxd5 22. cxd5 b6 23. Bd3 Qd7 24. Bxf5 Qxf5 25. Qc4 Ra8 26. Nh4 Qe4 27. Qxe4 Nxe4 28. Nf3 Kf8 0-1

[Event "GER-ch Net blitz qual2"]
[Site "Playchess.com INT"]
[Date "2021.05.04"]
[Round "8"]
[White "Franck, Axel"]
[Black "Hoferichter, Michael"]
[Result "0-1"]
[WhiteElo "1594"]
[BlackElo "1292"]
[PlyCount "72"]
[EventDate "2021.05.04"]
[EventType "swiss (blitz)"]
[EventRounds "11"]
[EventCountry "GER"]
[SourceTitle "CBM 202 Extra"]
[Source "ChessBase"]
[SourceDate "2021.07.31"]
[SourceVersion "1"]
[SourceVersionDate "2021.07.31"]
[SourceQuality "1"]

1. b4 e5 2. Bb2 d6 3. c4 Nd7 4. e3 b6 5. b5 Bb7 6. a4 Ngf6 7. Nf3 a6 8. Nc3 a5 9. Be2 c6 10. 0-0 Rc8 11. Qb3 Nc5 12. Qd1 Be7 13. d4 exd4 14. exd4 Nce4 15. Nxe4 Nxe4 16. Bd3 c5 17. d5 f5 18. Bxg7 Rg8 19. Bb2 Bf6 20. Bxf6 Qxf6 21. g3 Rc7 22. Qe2 Rcg7 23. Bxe4 Re7 24. Nd2 fxe4 25. Qe3 Bc8 26. Rae1 Bh3 27. Nxe4 Qe5 28. Qh6 Bxf1 29. Nxd6+ Qxd6 30. Qxd6 Rxe1 31. f4 Bh3+ 32. Kf2 Rf1+ 33. Ke2 Kf7 34. Qxb6 Re8+ 35. Kd2 Rf2+ 36. Kd1 Bg4+ 0-1

[Event "GER-ch Net blitz qual2"]
[Site "Playchess.com INT"]
[Date "2021.05.04"]
[Round "4"]
[White "Franck, Axel"]
[Black "Wiedemann, Jan"]
[Result "1-0"]
[WhiteElo "1594"]
[BlackElo "1355"]
[PlyCount "55"]
[EventDate "2021.05.04"]
[EventType "swiss (blitz)"]
[EventRounds "11"]
[EventCountry "GER"]
[SourceTitle "CBM 202 Extra"]
[Source "ChessBase"]
[SourceDate "2021.07.31"]
[SourceVersion "1"]
[SourceVersionDate "2021.07.31"]
[SourceQuality "1"]

1. b4 Nf6 2. Bb2 e6 3. b5 Be7 4. e3 b6 5. c4 Bb7 6. Nf3 d6 7. Be2 Nbd7 8. 0-0 0-0 9. a4 c6 10. Nc3 d5 11. d4 c5 12. dxc5 Nxc5 13. cxd5 Nxd5 14. Nxd5 Bxd5 15. Nd4 Bf6 16. Bf3 Rc8 17. Bxd5 Qxd5 18. Nc6 Bxb2 19. Ne7+ Kh8 20. Nxd5 Bxa1 21. Qxa1 exd5 22. h4 Ne4 23. a5 Rc2 24. axb6 axb6 25. Qd4 Nd2 26. Rd1 Nc4 27. Qxd5 h6 28. Qd3 1-0